书目信息 |
| 题名: |
跟我学拉丁舞
|
|
| 作者: | 赵庭武 编著 | |
| 分册: | ||
| 出版信息: | 长沙 湖南文艺出版社 1999.09 |
|
| 页数: | 127页 | |
| 开本: | 16开 | |
| 丛书名: | ||
| 单 册: | ||
| 中图分类: | J732.8 | |
| 科图分类: | ||
| 主题词: | 舞蹈艺术--世界 , 舞蹈艺术--各国 , 舞剧--艺术--世界 , 舞剧--各国--艺术 | |
| 电子资源: | ||
| ISBN: | 7-5404-2100-2 | |
| 000 | 00650nam0 2200229 45 | |
| 001 | 0103081557 | |
| 005 | 20010417103547.9 | |
| 010 | @a7-5404-2100-2@d15.50元 | |
| 100 | @a20010308d1999 km y0chiy0120 ea | |
| 101 | 0 | @achi |
| 105 | @a z 000yy | |
| 200 | 1 | @a跟我学拉丁舞@AGen Wo Xue La Ding Wu@f赵庭武等编著@FZhao Ting Wu Deng Bian Zhu |
| 210 | @a长沙@c湖南文艺出版社@d1999.09 | |
| 215 | @a127页@d16开 | |
| 606 | 0 | @a舞蹈艺术@x世界 |
| 606 | 0 | @a舞蹈艺术@y各国 |
| 606 | 0 | @a舞剧@x艺术@x世界 |
| 606 | 0 | @a舞剧@y各国@x艺术 |
| 690 | @aJ732.8@v3 | |
| 701 | 0 | @a赵庭武@4编著 |
| 801 | @aCN@bPftUser@c20010308 | |
| 905 | @dJ732.8@eZH877@b339229@f1 | |
| 跟我学拉丁舞/赵庭武等编著.-长沙:湖南文艺出版社,1999.09 |
| 127页;16开 |
| ISBN 7-5404-2100-2:15.50元 |
| ● |
| 相关链接 |
|
|
|
正题名:跟我学拉丁舞
索取号:J732.8/ZH877
 
预约/预借
| 序号 | 登录号 | 条形码 | 馆藏地/架位号 | 状态 | 备注 |
| 1 | 339229 | 203392293 | 社科库309/309社科库 95排2列1层/ [索取号:J732.8/ZH877] | 在馆 |